00484 a2200193 4500260001000000630004100010650002600051100002500077260001000102245005700112300001000169650003700179260000900216300001000225100000700235440001000242037002000252020001800272 aParis a33 - Economie - Economie - Politique a3 - SCIENCES SOCIALES aNoinville, Michel J. bDunod aLa Coface, la garantie des risques à l'exportation a199 p aCommerce extérieur : assurance c1993 b21 cm lFr aEcofi aDE 9017 DE 9288 a2-10-001945-7